Ancient and medieval Indian thought: (Record no. 181796)

MARC details
000 -LEADER
fixed length control field 00589nam a22001697a 4500
005 - DATE AND TIME OF LATEST TRANSACTION
control field 20211006115739.0
010 ## - LCCN (DPL NO)
LC control number EN230921
020 ## - INTERNATIONAL STANDARD BOOK NUMBER
International Standard Book Number 9789353882310
Terms of availability 525.00
037 ## - SOURCE OF ACQUISITION
Source of stock number/acquisition Sage Publications
245 ## - TITLE STATEMENT
Title Ancient and medieval Indian thought:
Remainder of title themes and traditions /
Statement of responsibility, etc edited by Ankit Tomar [and] Suratha Kumar Malik
260 ## - PUBLICATION, DISTRIBUTION, ETC. (IMPRINT)
Place of publication, distribution, etc New Delhi
Name of publisher, distributor, etc Sage Publications
Date of publication, distribution, etc 2020
270 ## - ADDRESS
Address B1/I-1, Mohan Cooperative Industrial Area, Mathura Road
City New Delhi
Postal code 110044
300 ## - PHYSICAL DESCRIPTION
Extent xliii, 264p.
Dimensions 24cm(pbk)
700 ## - ADDED ENTRY--PERSONAL NAME
Personal name Tomar, Ankit
700 ## - ADDED ENTRY--PERSONAL NAME
Personal name Malik, Suratha Kumar
942 ## - ADDED ENTRY ELEMENTS (KOHA)
Source of classification or shelving scheme Dewey Decimal Classification
Item type English Books
Call number suffix ANC

No items available.


© Delhi Public Library
Hit Counter
free hit counter